00466nam a2200109Ia 4500008004100000020001800041245009200059260003900151650001200190650010900202856004500311171212s9999 xx 000 0 und d a9780874216257 ceditor Scott, Patricia Lyn;Thatcher, LindaaWomen In Utah HistorybParadigm Or Paradox? bUniversity Press of Coloradoc2005 aHistory aWomen -- Utah -- History; Women -- Utah -- Social conditions; Utah -- History; Utah -- Social conditions uwww.jstor.org/stable/10.2307/j.ctt4cgr1m